000
00263nam a22001097a 4500
082
_a
621.406 LEE'T
100
_a
LEE, J. F
_9
80375
245
_a
THEORY AND DESIGN OF STEAM AND GAS TURBINES
260
_a
NEWYORK
_b
MCGRAW HILL
_c
1954
300
_a
502P
942
_c
BK
999
_c
585323
_d
585323